Quinta conferencia interparlamentaria de minería y energía para América Latina (COME 2001) / (Registro nro. 5761)
[ vista simple ]
| 000 -CABECERA | |
|---|---|
| Campo de control | 00973nam a2200229 a 4500 |
| 005 - FECHA Y HORA DE LA ULTIMA TRANSACCION | |
| Campo de control | 20160120054449.0 |
| 008 - ELEMENTOS DE LONGITUD FIJA—INFORMACION GENERAL | |
| Campo de control | 160120t2001 cl d fr|||| 100 0 spa d |
| 020 ## - ISBN | |
| ISBN | 9213219415 |
| 040 ## - FUENTE DE CATALOGACIÓN | |
| Agencia catalogadora original | CO-BoIAVH |
| Agencia transcriptora | CO-BoIAVH |
| 041 0# - IDIOMA | |
| Código de idioma para texto/pista de sonido o título separado | Español |
| 044 ## - PAÍS DE PUBLICACIÓN | |
| País de publicación | Chile |
| 082 04 - NUMERO DE CLASIFICACION DECIMAL DEWEY | |
| Número de clasificación | 622.48 |
| Número del ítem | R93q |
| 111 2# - ASIENTO PRINCIPAL--NOMBRE DE REUNION | |
| Nombre de reunión o de jurisdicción como elemento de entrada | Conferencia Interparlamentaria de Minería y Energía para América Latina |
| Lugar de la reunión | Santigo de Chile |
| Fecha de la reunión | julio 18-20, 2001 |
| Número de la parte/sección/reunión | 5 |
| 9 (RLIN) | 53017 |
| 245 10 - MENCION DE TITULO | |
| Título | Quinta conferencia interparlamentaria de minería y energía para América Latina (COME 2001) / |
| Mención de responsabilidad | Naciones Unidas, Comisión Económica para América Latina y el Caribe; Relatora Ariela Ruiz Caro |
| 260 ## - PUBLICACION, DISTRIBUCION, ETC. (PIE DE IMPRENTA) | |
| Lugar de publicación, distribución, etc. | Santiago de Chile : |
| Nombre del editor, distribuidor, etc. | Comisión Económica para América Latina y el Caribe, |
| Fecha de publicación, distribución, etc. | 2001. |
| 300 ## - DESCRIPCION FISICA | |
| Extensión | 91 páginas : |
| Otros detalles físicos | Gráficos ; |
| Dimensiones | 28 x 21 cm. |
| 650 #6 - ASIENTO SECUNDARIO DE MATERIA - TERMINO TEMATICO | |
| Término temático o nombre geográfico como elemento de entrada | Minería |
| 9 (RLIN) | 53018 |
| 650 #6 - ASIENTO SECUNDARIO DE MATERIA - TERMINO TEMATICO | |
| Término temático o nombre geográfico como elemento de entrada | Energía eléctrica |
| 9 (RLIN) | 53019 |
| 650 #4 - ASIENTO SECUNDARIO DE MATERIA - TERMINO TEMATICO | |
| Término temático o nombre geográfico como elemento de entrada | Suministro energético |
| 9 (RLIN) | 53020 |
| 700 1# - ASIENTO SECUNDARIO - NOMBRE PERSONAL | |
| Nombre personal | Ruiz Caro, Ariela |
| Término de relación | Relatora |
| 9 (RLIN) | 53021 |
| 942 ## - ELEMENTOS ADICIONALES (KOHA) | |
| Tipo de ítem | Libro |
| Sistema de clasificación | Dewey Decimal Classification |
| Withdrawn status | Lost status | Sistema de Clasificación | Damaged status | No para préstamo | Colección | Inventariado | Ubicación Permanente | Ubicación actual | Fecha de adquisición | Fuente de Valor | Valor | Total Checkouts | Número topográfico | Inventario / Código de Barras | Date last seen | Ejemplar | Price effective from | Tipo de material |
|---|---|---|---|---|---|---|---|---|---|---|---|---|---|---|---|---|---|---|
| Dewey Decimal Classification | General | Inventariado 2017 | Bogotá | Bogotá | 15/08/2007 | Instituto | 39000.00 | LB-622.48 R93q | 025029 | 04/12/2012 | Ej.1 | 04/12/2012 | Libro |